Ark Survival General Quiz 4 - Statistics

General Stats
  • This quiz has been taken 379 times
  • The average score is 25 of 33
Answer Stats
Hint Answer % Correct
What is the name of the "infected" creatures on Extinction? Corrupted
89%
Do Rock Golems have genders? No
88%
Can you breed spiders, scorpions, and mantis? Yes
88%
How many artifacts are on Scorched Earth? 3
87%
How much HP does a reaper queen leave you after impregnation? 1
86%
What is the name of the final boss on Extinction? King Titan
86%
What creature is on the game cover of ark? Raptor
86%
What map has X-Creatures? Genesis
85%
What stat decreases rapidly if cold? Hunger
83%
How many artifacts are on Genesis 1 0
82%
What stat decreases rapidly if hot? Thirst
82%
What is the final boss of Scorched? Manticore
81%
What map's final boss is the Dinopithecus King? Lost Island
80%
What weapon she holding? Sniper
80%
Which dino lays eggs the fastest? Dodo
79%
What map's final boss is the Corrupted Master Controller? Genesis
78%
What woman is on the game cover, riding the animal? Helena
78%
What material can the Basilosaurus passively generate? oil
77%
What berry, if fed to a phiomia, will cause it to defecate rapidly? Stimberry
75%
What map has R-Creatures? Genesis 2
74%
Which is the name of the bow that fires metal arrows. (Tek Bow doesn't count) Compound Bow
72%
What is the name of the soup that resets your engram and stat points? mindwipe
72%
What is the name your robot friend in Genesis? HLN-A
70%
What is the name of the 4-legged electronic creature in the Sanctuary? Enforcer
67%
What material can corrupted nodules substitute as? polymer
67%
What thing does the leedsicthys hate the most? Raft
67%
What is the unofficial name of the cave on the northeast of the Island map? (Hint its on an island with a lot of these creatures) Carno Cave
65%
What is the name of the modifier and structures that help plants grow faster? Greenhouse
62%
What is the name of the small flying robot on Extinction? Scout
61%
What is the name of the big turtle exclusive to Genesis 1? Megachelon
59%
What is the name of the means of transporting water, in this game by pipes? Irrigation
54%
What ammunition does Assault Rifles and turrets consume? Advanced Rifle Bullet
52%
What is the name of the recipe that smoothens your aim and reduces recoil and sway? shadow steak
43%
No matching quizzes found
Score Distribution
Percent of People with Each Score
Percentile by Number Answered
Your Score History
You have not taken this quiz